| 000 | 00479nam a2200157Ia 4500 | ||
|---|---|---|---|
| 008 | 160316s1986 xxu||||| |||| 00| 0 eng d | ||
| 082 |
_a301.092000 _bCOL-II |
||
| 100 | _aColquhoun Robert | ||
| 245 | _aRaymond Aron.Vol.II : The sociologist in society 1955-1983 | ||
| 250 | _a | ||
| 260 |
_aLondon _bSage Publications _c1986 |
||
| 300 |
_a680p _b _cxiii |
||
| 365 | _bRs.3,534 | ||
| 650 | _a1. Biography - Raymond Aron 2. Raymond Aron - Contributions - Sociology | ||
| 700 |
_a _a |
||
| 999 |
_c13603 _d13603 |
||